000 00341nam a2200121 a 4500
005 20141022142009.0
008 120228s19uu xx 00 eng d
050 _aCD-ROM
_bK69 2009
100 _aKloppenborg, Timothy J.
245 _aProject management :
_ba contemporary approach /
_cTimothy Kloppenbourg.
260 _c2009.
942 _cAVM
999 _c276641
_d276641